各行政区划代码对应省级行政区 The provines corresponding to administrative code - Statistics

General Stats
  • This quiz has been taken 46 times
  • The average score is 28 of 34
Answer Stats
代码 省级行政区 % Correct
11 北京市
100%
12 天津市
100%
13 河北省
97%
31 上海市
95%
32 江苏省
95%
33 浙江省
95%
34 安徽省
95%
14 山西省
92%
15 内蒙古自治区
92%
35 福建省
92%
36 江西省
92%
21 辽宁省
89%
22 吉林省
89%
23 黑龙江省
89%
37 山东省
89%
41 河南省
84%
42 湖北省
82%
43 湖南省
82%
50 重庆市
82%
51 四川省
82%
44 广东省
79%
45 广西壮族自治区
79%
52 贵州省
76%
46 海南省
74%
53 云南省
74%
54 西藏自治区
66%
61 陕西省
66%
81 香港特别行政区
63%
62 甘肃省
61%
63 青海省
61%
64 宁夏回族自治区
61%
65 新疆维吾尔自治区
61%
71 台湾省
61%
82 澳门特别行政区
58%
No matching quizzes found
Score Distribution
Percent of People with Each Score
Percentile by Number Answered
Your Score History
You have not taken this quiz